LEADER 01628nam 2200349 n 450 001 996392896503316 005 20200824121733.0 035 $a(CKB)4940000000110272 035 $a(EEBO)2248500835 035 $a(UnM)99866457e 035 $a(UnM)99866457 035 $a(EXLCZ)994940000000110272 100 $a19940405d1655 uy | 101 0 $aeng 135 $aurbn||||a|bb| 200 14$aThe fourth principle of Christian religion: or, the foundation doctrine of laying on of hands$b[electronic resource] $eAsserted and vindicated by way of answer to such arguments as by Lieutenant Colonel Paul Hobson have been presented against this Gospel ordinance. Affectionately tendred to such enquiring souls as are desirous throughly to forsake Babylon notion an humane tradition, and by universall obedience to follow the lamb in all his righteous appointments. /$fBy Tho. Tillam a minister of Jesus Christ 210 $aLondon, $cPrinted by E.C. for Henry Eversden, and are to be sold by William Hucheson of Durham$dM.DC.LV. [1655] 215 $a[6], 61, [2] p 300 $aAnnotation on Thomason copy: "July. 25". 300 $aReproduction of the original in the British Library. 330 $aeebo-0018 606 $aSpiritual healing$zEngland$vEarly works to 1800 615 0$aSpiritual healing 700 $aTillam$b Thomas$01005256 801 0$bCu-RivES 801 1$bCu-RivES 801 2$bCStRLIN 801 2$bWaOLN 906 $aBOOK 912 $a996392896503316 996 $aThe fourth principle of Christian religion: or, the foundation doctrine of laying on of hands$92310842 997 $aUNISA LEADER 01618nam 2200553 450 001 9910814361503321 005 20230807214054.0 010 $a1-4214-1614-X 035 $a(CKB)3710000000375909 035 $a(SSID)ssj0001441798 035 $a(PQKBManifestationID)11835699 035 $a(PQKBTitleCode)TC0001441798 035 $a(PQKBWorkID)11412648 035 $a(PQKB)10197458 035 $a(MiAaPQ)EBC3318879 035 $a(OCoLC)904801685 035 $a(MdBmJHUP)muse42621 035 $a(Au-PeEL)EBL3318879 035 $a(CaPaEBR)ebr11031341 035 $a(EXLCZ)993710000000375909 100 $a20150320h20152015 uy 0 101 0 $aeng 135 $aurcnu|||||||| 181 $ctxt 182 $cc 183 $acr 200 14$aThe rise of birds $e225 million years of evolution /$fSankar Chatterjee 205 $aSecond edition. 210 1$aBaltimore, Maryland :$cJohns Hopkins University Press,$d2015. 210 4$dİ2015 215 $a1 online resource (387 pages) $cillustrations, maps 300 $aBibliographic Level Mode of Issuance: Monograph 311 $a1-4214-1590-9 320 $aIncludes bibliographical references and index. 606 $aBirds$xEvolution 606 $aBirds, Fossil 606 $aBirds$xFlight 615 0$aBirds$xEvolution. 615 0$aBirds, Fossil. 615 0$aBirds$xFlight. 676 $a598.13/8 700 $aChatterjee$b Sankar$01104450 801 0$bMiAaPQ 801 1$bMiAaPQ 801 2$bMiAaPQ 906 $aBOOK 912 $a9910814361503321 996 $aThe rise of birds$94077830 997 $aUNINA